| 000 | 00000ngm##2200000za#4500 |
| 001 | 9.627198 |
| 003 | CaOODSP |
| 005 | 20210615105012 |
| 007 | vd |v|||| |
| 008 | 150406|2006||||xxc--- | fq v|fre|d |
| 020 | |a0-660-97183-6 |
| 040 | |aCaOODSP|bfre |
| 043 | |an-cn--- |
| 086 | 1 |aSC102-1/11-2006F-DVD |
| 110 | 2 |aÉcole de la fonction publique du Canada. |
| 245 | 10|aProgramme de français langue seconde - Niveau C |h[enregistrement vidéo] |
| 246 | 3 |aPFL2 - C |
| 260 | |aOttawa - Ontario : |bÉcole de la fonction publique du Canada |c2006. |
| 300 | |a1 disque. |
| 490 | 1 |aProgramme de français langue seconde - Niveau C |
| 500 | |aCe produit est disponible auprès de Carole Boire, Directrice adjointe, Formation linguistique, École de la fonction publique, Gouvernement du Canada, courrieL: carole.boire@csps-efpc.gc.ca / Tél. 819-934-2617 Tél. cell. 613-668-7849. Le nombre d'exemplaires disponibles est limité. |
| 538 | |aLecteur DVD requis. |
| 590 | |a06-47|b2006-11-24 |
| 590 | |a15-04|b2015-01-23 |
| 691 | 07|aFrançais langue seconde|2gcpds |
| 830 | #0|aProgramme de français langue seconde - Niveau C.|w(CaOODSP)9.513535 |